Grammar power : essential guide for improving your grammar /

Sparad:
Bibliografiska uppgifter
Huvudupphovsman: Simon.
Övriga upphovsmän: Schuster.
Materialtyp: Bok
Språk:English
Publicerad: Tp.HCM : Nxb Trẻ, 2003.
Upplaga:2nd ed.
Ämnen:
Taggar: Lägg till en tagg
Inga taggar, Lägg till första taggen!
Thư viện lưu trữ: Mạng thư viện Đại học Đà Nẵng
LEADER 01324cam a22003731a 4500
001 000035658
003 11945
005 20190729105306.0
008 160318s2003 vm 000 eng
020 |a 0743205219 :  |c 20000 
040 |a lnn  |c lnn  |d lnn 
041 0 |a eng 
082 1 4 |a 425  |b SIM- 
100 1 |a Simon. 
245 1 0 |a Grammar power :  |b essential guide for improving your grammar /  |c Simon and Schuster ; Vũ Tài Hoa, Nguyễn Văn Phước, ban biên dịch First News chú giải. 
246 3 0 |a Ngữ pháp tiếng Anh trình độ trung cấp. 
250 |a 2nd ed. 
260 |a Tp.HCM :  |b Nxb Trẻ,  |c 2003. 
300 |a 194 p. ;  |c 20,5 cm. 
630 0 4 |a Anh ngữ. 
650 0 4 |a English language  |v Textbooks for foreign speakers. 
650 0 4 |a English grammar. 
650 0 4 |a English language  |x Grammar. 
700 1 |a Schuster. 
OWN |a LNN 
AVA |a UDN50  |b LNN  |c English  |d 425 SIM-  |e available  |t Error 5001 Not defined in file expand_doc_bib_avail.  |f 6  |g 0  |h N  |i 0  |j AN 
999 |a From the UDN01 
AVA |a UDN50  |b LNN  |c English  |d 425 SIM-  |e available  |t Error 5001 Not defined in file expand_doc_bib_avail.  |f 6  |g 0  |h N  |i 0  |j AN 
TYP |a Monograph 
TYP |a Printed language 
980 |a Mạng thư viện Đại học Đà Nẵng